Infotech : English for computer users : student's book /

Сохранить в:
Библиографические подробности
Главный автор: Esteras, Santiago Remacha.
Формат:
Язык:English
Опубликовано: Cambridge : Cambridge University Press, 1999.
Редактирование:2nd ed.
Предметы:
Метки: Добавить метку
Нет меток, Требуется 1-ая метка записи!
Thư viện lưu trữ: Mạng thư viện Đại học Đà Nẵng
LEADER 01237nam a2200349 a 4500
001 000042091
003 8845
005 20190802083900.0
008 171030s1999
020 |a 0521657202 
040 |a lnn  |c lnn  |d lnn 
041 0 |a eng 
082 1 4 |a 428.24  |b ES-S 
100 1 |a Esteras, Santiago Remacha. 
245 0 0 |a Infotech :  |b English for computer users : student's book /  |c Santiago Remacha Esteras. 
250 |a 2nd ed. 
260 |a Cambridge :  |b Cambridge University Press,  |c 1999. 
300 |a viii, 159 p. :  |b ill. (some col.) ;  |c 24.5cm. 
630 0 4 |a English language. 
630 0 4 |a Terminology. 
630 0 4 |a English for Computer users. 
650 0 4 |a English language  |x Study and teaching  |x Textbooks for foreign speakers. 
650 0 4 |a Computers  |x Terminology. 
OWN |a LNN 
AVA |a UDN50  |b LNN  |c English  |d 428.24 ES-S  |e available  |t Error 5001 Not defined in file expand_doc_bib_avail.  |f 1  |g 0  |h N  |i 3  |j AN  |k 1 
999 |a From the UDN01 
AVA |a UDN50  |b LNN  |c English  |d 428.24 ES-S  |e available  |t Error 5001 Not defined in file expand_doc_bib_avail.  |f 1  |g 0  |h N  |i 3  |j AN  |k 1 
TYP |a Monograph 
TYP |a Printed language 
980 |a Mạng thư viện Đại học Đà Nẵng